| 000 | 00750nam a2200229 4500 | ||
|---|---|---|---|
| 003 | OSt | ||
| 005 | 20240730073140.0 | ||
| 006 | a | ||
| 008 | 240730b |||||||| |||| 00| 0 eng d | ||
| 020 | _a9780495908982 | ||
| 040 |
_aDWCL-Main lib. _cOC |
||
| 082 |
_2Second edition _aCirc. 001.4 J14r 2011 |
||
| 100 | _aJackson, Sherri L. | ||
| 245 | _aResearch methods : a modular approach / | ||
| 250 | _aSecond edition | ||
| 260 |
_aSingapore : _bWadsworth/Cengage Learning, _cc2011. |
||
| 300 |
_axxiii, _b439 p. : ill. ; _c23 cm. |
||
| 504 | _aIncludes bibliographical reference and index. | ||
| 650 | _a1. Research-Psychological aspects. | ||
| 650 | _a2. Research-Study and teaching ( Higher). | ||
| 942 |
_2ddc _n0 _cBK-CIRC _eSecond edition _kCirc. |
||
| 999 |
_c2980 _d2980 |
||